Transducer interfacing handbook : a guide to analog signal conditioning /

Guardado en:
Autor Corporativo: Analog Devices.
Otros Autores: Sheingold, Daniel H., (Editor , ed.)
Formato: Libro
Idioma:English
Publicado: Norwood, Mass. : Analog Devices, c1980.
Series:Analog Devices technical handbooks
Materias:
Etiquetas: Agregar Etiqueta
Sin Etiquetas, Sea el primero en etiquetar este registro!
LEADER 01050nam a22002895a 4500
001 EIQ.libpla003844
008 800626s1980####maua#####bf###001#0#eng#d
005 20080604192436.0
245 1 0 |a Transducer interfacing handbook :  |b a guide to analog signal conditioning /  |c edited by Daniel H. Sheingold. 
260 |a Norwood, Mass. :  |b Analog Devices,  |c c1980. 
300 |a xxxv, 231 p. :  |b il. ;  |c 22 cm. 
440 0 |a Analog Devices technical handbooks 
504 |a Bibliografía: p. xx-xxvi. 
500 |a Incluye índice. 
020 |a 0916550052 
700 1 |a Sheingold, Daniel H.,  |e ed.  |4 edt 
082 0 0 |a 629.8/315  |2 19 
650 4 |a Electrónica  |x Transductores. 
650 4 |a Electrónica  |x Handbook, manuales, etc. 
650 4 |a Electrónica  |x Circuitos de interfaz. 
650 4 |a Electronics  |x Handbook, manuals, etc. 
650 4 |a Electronics  |x Transducers. 
650 4 |a Electronics  |x Interface circuits. 
010 |a  80065520  
040 |a DLC  |c DLC  |d AR-BbSID 
110 2 |a Analog Devices. 
859 |a AR-BbSID  |b BIB. PLAPIQUI  |h 621.38  |i An 13  |p 2197